Statistics for List of Medical Schools in the US

Click here to take the quiz!

General Stats

  • This quiz has been taken 42 times
  • The average score is 96 of 153

Answer Stats

LocationMD-Granting Medical School% Correct
Boston, MAHarvard Medical School
100%
Los Angeles, CAUniversity of California, Los Angeles David Geffen School of Medicine
96%
New Haven, CTYale School of Medicine
96%
Birmingham, ALUniversity of Alabama at Birmingham Heersink School of Medicine
92%
Chapel Hill, NCUniversity of North Carolina School of Medicine
92%
Galveston, TXUniversity of Texas Medical Branch
92%
Providence, RIBrown University Alpert Medical School
88%
New York, NYNew York University Grossman School of Medicine
88%
Chicago, ILNorthwestern University Feinberg School of Medicine
88%
Hershey, PAPenn State University College of Medicine
88%
Phoenix, AZUniversity of Arizona College of Medicine – Phoenix
88%
Tucson, AZUniversity of Arizona College of Medicine – Tucson
88%
Little Rock, AKUniversity of Arkansas for Medical Sciences College of Medicine
88%
Honolulu, HIUniversity of Hawaiʻi at Mānoa John A. Burns School of Medicine
88%
Philadelphia, PAUniversity of Pennsylvania Perelman School of Medicine
88%
Los Angeles, CAUniversity of Southern California Keck School of Medicine
88%
Seattle, WAUniversity of Washington School of Medicine
88%
Augusta, GAAugusta University Medical College of Georgia
84%
Baltimore, MDJohns Hopkins School of Medicine
84%
Milwaukee, WIMedical College of Wisconsin
84%
Charleston, SCMedical University of South Carolina
84%
Columbus, OHOhio State University College of Medicine
84%
Stanford, CAStanford University School of Medicine
84%
Chicago, ILUniversity of Chicago Pritzker School of Medicine
84%
Gainesville, FLUniversity of Florida College of Medicine
84%
Ann Arbor, MIUniversity of Michigan Medical School
84%
Pittsburgh, PAUniversity of Pittsburgh School of Medicine
84%
Columbia, SCUniversity of South Carolina School of Medicine Columbia
84%
Greenville, SCUniversity of South Carolina School of Medicine Greenville
84%
Nashville, TNVanderbilt University School of Medicine
84%
Boston, MABoston University Chobanian & Avedisian School of Medicine
80%
Durham, NCDuke University School of Medicine
80%
Washington, D.C.Georgetown University School of Medicine
80%
Indianapolis, INIndiana University School of Medicine
80%
East Lansing, MIMichigan State University College of Human Medicine
80%
Portland, OROregon Health & Science University
80%
Newark, NJRutgers New Jersey Medical School
80%
Piscataway, NJRutgers Robert Wood Johnson Medical School
80%
New Orleans, LATulane University School of Medicine
80%
Irvine, CAUniversity of California, Irvine School of Medicine
80%
Houston, TXUniversity of Houston Tilman J. Fertitta Family College of Medicine
80%
Chicago, ILUniversity of Illinois College of Medicine
80%
Lexington, KYUniversity of Kentucky College of Medicine
80%
Louisville, KYUniversity of Louisville School of Medicine
80%
Baltimore, MDUniversity of Maryland School of Medicine
80%
Miami, FLUniversity of Miami Miller School of Medicine
80%
Albuquerque, NMUniversity of New Mexico School of Medicine
80%
Oklahoma City, OKUniversity of Oklahoma College of Medicine
80%
New York, NYColumbia University Vagelos College of Physicians and Surgeons
76%
Atlanta, GAEmory University School of Medicine
76%
Buffalo, NYUniversity at Buffalo Jacobs School of Medicine and Biomedical Sciences
76%
La Jolla, CAUniversity of California, San Diego School of Medicine
76%
Cincinnati, OHUniversity of Cincinnati College of Medicine
76%
Aurora, COUniversity of Colorado School of Medicine
76%
Iowa City, IAUniversity of Iowa Carver College of Medicine
76%
Kansas City, KSUniversity of Kansas School of Medicine
76%
Minneapolis, MNUniversity of Minnesota Medical School
76%
Jackson, MSUniversity of Mississippi School of Medicine
76%
Columbia, MOUniversity of Missouri School of Medicine
76%
Omaha, NEUniversity of Nebraska Medical Center College of Medicine
76%
Reno, NVUniversity of Nevada, Reno School of Medicine
76%
Grand Forks, NDUniversity of North Dakota School of Medicine and Health Sciences
76%
Memphis, TNUniversity of Tennessee College of Medicine
76%
Salt Lake City, UTUniversity of Utah School of Medicine
76%
Charlottesville, VAUniversity of Virginia School of Medicine
76%
Winston-Salem, NCWake Forest School of Medicine
76%
Morgantown, WVWest Virginia University School of Medicine
76%
Tallahassee, FLFlorida State University College of Medicine
72%
Hanover, NHGeisel School of Medicine at Dartmouth College
72%
Washington, D.C.George Washington University School of Medicine & Health Sciences
72%
St. Louis, MOSaint Louis University School of Medicine
72%
Farmington, CTUniversity of Connecticut School of Medicine
72%
Worcester, MAUniversity of Massachusetts Chan Medical School
72%
Rochester, NYUniversity of Rochester School of Medicine & Dentistry
72%
Sioux Falls, SDUniversity of South Dakota Sanford School of Medicine
72%
New York, NYWeill Cornell Medical College
72%
Albany, NYAlbany Medical College
68%
New Orleans, LALSU Health Sciences Center New Orleans School of Medicine
68%
Shreveport, LALSU Health Sciences Center Shreveport School of Medicine
68%
Rochester, MNMayo Clinic Alix School of Medicine
68%
Lubbock, TXTexas Tech University Health Sciences Center School of Medicine
68%
Sacramento, CAUniversity of California, Davis School of Medicine
68%
Riverside, CAUniversity of California, Riverside School of Medicine
68%
Orlando, FLUniversity of Central Florida College of Medicine
68%
Las Vegas, NVUniversity of Nevada, Las Vegas Kirk Kerkorian School of Medicine
68%
Toledo, OHUniversity of Toledo College of Medicine and Life Sciences
68%
Burlington, VTUniversity of Vermont Larner College of Medicine
68%
Spokane, WAWashington State University Elson S. Floyd College of Medicine
68%
Stony Brook, NYStony Brook University Renaissance School of Medicine
64%
Fort Worth, TXTexas Christian University Anne Burnett Marion School of Medicine
64%
Boston, MATufts University School of Medicine
64%
Houston, TXBaylor College of Medicine
60%
Cleveland, OHCase Western Reserve University School of Medicine
60%
Bryan, TXTexas A&M Health Science Center College of Medicine
60%
Kansas City, MOUniversity of Missouri–Kansas City School of Medicine
60%
Tampa, FLUniversity of South Florida Morsani College of Medicine
60%
Roanoke, VAVirginia Tech Carilion School of Medicine
60%
St. Louis, MOWashington University School of Medicine
60%
Colton, CACalifornia University of Science and Medicine
56%
Miami, FLFlorida International University Herbert Wertheim College of Medicine
56%
Valhalla, NYNew York Medical College
56%
San Antonio, TXUniversity of Texas Health Sciences Center at San Antonio Long School of Medicine
56%
New York, NYAlbert Einstein College of Medicine
52%
Philadelphia, PADrexel University College of Medicine
52%
San Francisco, CAUniversity of California, San Francisco School of Medicine
52%
Omaha, NECreighton University School of Medicine
48%
Washington, D.C.Howard University College of Medicine
48%
New York, NYIcahn School of Medicine at Mount Sinai
48%
Philadelphia, PATemple University Lewis Katz School of Medicine
48%
Austin, TXUniversity of Texas at Austin Dell Medical School
48%
Detroit, MIWayne State University School of Medicine
48%
New York, NYCity University of New York School of Medicine
44%
Hempstead, NYDonald and Barbara Zucker School of Medicine at Hofstra/Northwell
44%
Boca Raton, FLFlorida Atlantic University Charles E. Schmidt College of Medicine
44%
Loma Linda, CALoma Linda University School of Medicine
44%
Mobile, ALUniversity of South Alabama Frederick P. Whiddon College of Medicine
44%
Huntington, WVMarshall University Joan C. Edwards School of Medicine
40%
Springfield, ILSouthern Illinois University School of Medicine
40%
Philadelphia, PAThomas Jefferson University Sidney Kimmel Medical College
40%
Tyler, TXUniversity of Texas at Tyler School of Medicine
40%
Richmond, VAVirginia Commonwealth University School of Medicine
40%
Greenville, NCEast Carolina University Brody School of Medicine
36%
Maywood, ILLoyola University Chicago Stritch School of Medicine
36%
Rochester, MIOakland University William Beaumont School of Medicine
36%
Camden, NJRowan University Cooper Medical School
36%
Chicago, ILRush Medical College
36%
New York, NYState University of New York Downstate Health Sciences University College of Medicine
36%
Syracuse, NYState University of New York Upstate Medical University Norton College of Medicine
36%
Madison, WIUniversity of Wisconsin School of Medicine and Public Health
36%
Kalamazoo, MIWestern Michigan University Homer Stryker M.D. School of Medicine
36%
Urbana, ILCarle Illinois College of Medicine
32%
Mount Pleasant, MICentral Michigan University College of Medicine
32%
Atlanta, GAMorehouse School of Medicine
32%
Hamden, CTQuinnipiac University Frank H. Netter MD School of Medicine
32%
North Chicago, ILRosalind Franklin University Chicago Medical School
32%
Houston, TXUniversity of Texas Health Sciences Center at Houston McGovern Medical School
32%
Edinburg, TXUniversity of Texas Rio Grande Valley School of Medicine
32%
Elk Grove, CACalifornia Northstate University College of Medicine
28%
Norfolk, VAEastern Virginia Medical School
28%
Johnson City, TNEast Tennessee State University James H. Quillen College of Medicine
28%
Scranton, PAGeisinger Commonwealth School of Medicine
28%
Nutley, NJHackensack Meridian School of Medicine
28%
Macon, GAMercer University School of Medicine
28%
Rootstown, OHNortheast Ohio Medical University
28%
El Paso, TXTexas Tech University Health Sciences Center El Paso Paul L. Foster School of Medicine
28%
Dallas, TXUniversity of Texas Southwestern Medical Center
28%
Dayton, OHWright State University Boonshoft School of Medicine
28%
Los Angeles, CACharles R. Drew University of Medicine and Science College of Medicine
24%
Pasadena, CAKaiser Permanente Bernard J. Tyson School of Medicine
24%
Nashville, TNMeharry Medical College
24%
Mineola, NYNew York University Long Island School of Medicine
24%
Davie, FLNova Southeastern University Dr. Kiran C. Patel College of Allopathic Medicine
24%
Bethesda, MDUniformed Services University of the Health Sciences F. Edward Hébert School of Medicine
24%

Score Distribution

Percentile by Number Answered

Percent of People with Each Score

Your Score History

You have not taken this quiz